<?xml version="1.0" encoding="UTF-8"?>
<collection xmlns="http://www.loc.gov/MARC21/slim">
 <record>
  <leader>01639pam a22002898a 4500</leader>
  <controlfield tag="001">00022759</controlfield>
  <controlfield tag="005">20171026081022.0</controlfield>
  <controlfield tag="008">110602s2007                  ||||||Viesd</controlfield>
  <datafield tag="041" ind1="0" ind2="#">
   <subfield code="a">Vie</subfield>
  </datafield>
  <datafield tag="082" ind1="1" ind2="4">
   <subfield code="a">796.07</subfield>
   <subfield code="b">TH552H</subfield>
  </datafield>
  <datafield tag="100" ind1="0" ind2="#">
   <subfield code="a">Nguyễn Viết Minh</subfield>
   <subfield code="e">Chủ biên</subfield>
  </datafield>
  <datafield tag="245" ind1="0" ind2="0">
   <subfield code="a">Thực hiện kế hoạh đào tạo ngành học giáo dục thể chất</subfield>
   <subfield code="b">Sách trợ giúp giảng viên cao đẵng sư phạm</subfield>
   <subfield code="c">Nguyễn Viết Minh, Nguyễn Lương Lợi, Nguyễn Thế Cường, Doãn Hữu Việt....</subfield>
  </datafield>
  <datafield tag="260" ind1="#" ind2="#">
   <subfield code="a">H.</subfield>
   <subfield code="b">Đại học sư phạm</subfield>
   <subfield code="c">2007</subfield>
  </datafield>
  <datafield tag="300" ind1="#" ind2="#">
   <subfield code="a">292 tr.</subfield>
   <subfield code="c">24 cm.</subfield>
  </datafield>
  <datafield tag="500" ind1="#" ind2="#">
   <subfield code="a">Đầu bìa sách ghi : Bộ Giáo dục và Đào tạo. Dự án đào tạo giáo viên THCS</subfield>
  </datafield>
  <datafield tag="650" ind1="#" ind2="4">
   <subfield code="a">Kế hoạch</subfield>
  </datafield>
  <datafield tag="650" ind1="#" ind2="4">
   <subfield code="a">Đào tạo</subfield>
  </datafield>
  <datafield tag="653" ind1="#" ind2="#">
   <subfield code="a">Giáo dục thể chất</subfield>
  </datafield>
  <datafield tag="700" ind1=" " ind2=" ">
   <subfield code="a">Doãn Hữu Việt</subfield>
   <subfield code="e">tác giả</subfield>
  </datafield>
  <datafield tag="700" ind1=" " ind2=" ">
   <subfield code="a">Nguyễn Lương Vị</subfield>
   <subfield code="e">tác giả</subfield>
  </datafield>
  <datafield tag="700" ind1=" " ind2=" ">
   <subfield code="a">Nguyễn Thế Cường</subfield>
   <subfield code="e">tác giả</subfield>
  </datafield>
  <datafield tag="852" ind1="#" ind2="#">
   <subfield code="b">Kho mượn</subfield>
   <subfield code="j">KGT.0017125</subfield>
  </datafield>
  <datafield tag="852" ind1="#" ind2="#">
   <subfield code="b">Kho đọc</subfield>
   <subfield code="j">KD.0009611</subfield>
  </datafield>
  <datafield tag="852" ind1="#" ind2="#">
   <subfield code="j">KGT.0017125</subfield>
   <subfield code="j">KGT.0017126</subfield>
   <subfield code="j">KGT.0017128</subfield>
   <subfield code="j">KGT.0017129</subfield>
   <subfield code="j">KGT.0017133</subfield>
   <subfield code="j">KGT.0017134</subfield>
   <subfield code="j">KGT.0017136</subfield>
   <subfield code="j">KGT.0017137</subfield>
   <subfield code="j">KGT.0048981</subfield>
   <subfield code="j">KGT.0017131</subfield>
   <subfield code="j">KD.0009611</subfield>
   <subfield code="j">KGT.0017127</subfield>
   <subfield code="j">KGT.0017130</subfield>
   <subfield code="j">KGT.0017132</subfield>
   <subfield code="j">KGT.0017135</subfield>
  </datafield>
  <datafield tag="852" ind1="#" ind2="#">
   <subfield code="j">KGT.0017125, KGT.0017126, KGT.0017127, KGT.0017128, KGT.0017129, KGT.0017130, KGT.0017131, KGT.0017132, KGT.0017133, KGT.0017134, KGT.0017135, KGT.0017136, KGT.0017137</subfield>
   <subfield code="b">Kho giáo trình</subfield>
  </datafield>
  <datafield tag="910" ind1="0" ind2="#">
   <subfield code="a">nhnam</subfield>
   <subfield code="d">02/06/2011</subfield>
  </datafield>
  <datafield tag="980" ind1="#" ind2="#">
   <subfield code="a">Trung tâm Học liệu Lê Vũ Hùng, Trường Đại học Đồng Tháp</subfield>
  </datafield>
 </record>
</collection>
